000
00314nam a2200133Ia 4500
005
20260326100047.0
008
260326s9999||||xx |||||||||||||| ||und||
100
_a
Paricio, Ignacio
245
0
_a
Las Claraboyas /
_c
Ignacio Paricio
260
_b
Bisagra
300
_a
82 p.
650
_a
CONSTRUCCIÓN
942
_c
BK
999
_c
7241
_d
7241